| 000 | 01625nam a2200325 c 4500 | ||
|---|---|---|---|
| 003 | BLK | ||
| 005 | 20180422115421.0 | ||
| 008 | 180411b bul|||||r ||||||| ||bul|| | ||
| 010 | _aKNG00194490000 | ||
| 020 |
_a954-04-0074-0 _bиздат.: Нар. култура |
||
| 040 | _aBLK | ||
| 041 |
_aBUL _cBUL |
||
| 080 |
_aАвстрийска литература _b821.112(436) _x-3 _z821.112(436)-3 |
||
| 100 | 1 |
_aКафка, Франц _eпърви автор _977682 |
|
| 700 | 1 |
_aФъркова, Гергана Иванова _eсъстав. _9384278 |
|
| 700 | 1 |
_aФъркова, Гергана Иванова _eпрев. от нем. _9384278 |
|
| 700 | 1 |
_aИлиева, Ива _eпрев. от нем. _9286283 |
|
| 139 |
_aКафка, Франц _bК 47 |
||
| 245 | 1 | 0 |
_aЗавръщане у дома _bРазкази, фрагменти, скици _cФранц Кафка; състав. Гергана Иванова Фъркова; прев. от нем. Гергана Иванова Фъркова; прев. от нем. Ива Илиева. |
| 257 | _aAUT | ||
| 260 |
_аСофия _bНар. култура _c1993 |
||
| 300 |
_a192 с. _c20 см |
||
| 380 | _aX | ||
| 500 | _aПрев. е направен от Gesammelte Werke ; Erzahlungen ; Hochzeitsvorbereitungen auf dem Lande und andere Prosa aus dem Nachlass ; Beschreibung eines Kampfes. Novellen, Skizzen, Apforismen aus dem Nachlass ; Tagebuher 1910-1923 / Franz Kafka. - Офс. изд. - 5 000 тир. | ||
| 852 | _aЦб 172763 | ||
| 856 | 4 |
_qpdf _u |
|
| 856 | 4 |
_qpdf _u |
|
| 942 |
_cKNG _n0 |
||
| 944 |
_aCR _c26.10.2016 _kКети_Илиева |
||
| 944 |
_aED _c26.10.2016 _kКети_Илиева |
||
| 999 |
_c185496 _d185496 |
||